000 01995cad a22002415a 4500
001 L148178
008 090811e20090130xxk f v 000 0 eng d
035 _a(Sirsi) u148178
041 0 _aeng
245 0 0 _aMSM Consulting Ltd v United Republic of Tanzania
_h[electronic resource]
260 _c2009
520 _a[2009] EWHC 121 (QB), 30 January 2009. The case considers the basic facts on a claim to recover a commission or a quantum meruit payment. MSM Consulting Ltd (C) was the company of an individual (M). Upon learning that the High Commission of Tanzania (T) was looking for new premises in London, M looked for suitable properties and visited them with representatives of T. M introduced the terms of business to T who concluded that the rates were too high. The terms were never agreed. The relevant ministry in Tanzania eventually appointed an established UK estate agent and concluded the purchase of a property through this estate agent. C argued that T had accepted its terms and conditions and claimed commission for acting in its behalf between 2002 and 2004. "Held": T did not promise to sign C's terms and conditions neither to pay C. There was no contract with C. C had only introduced the property to T. C was not the cause of the eventual purchase which was done by the other agent. The work done by M was in anticipation of a contract with C which did not materialise. C is not entitled to be paid of a commission neither of a quantum meruit.
590 _aKA
650 2 4 _aMSM CONSULTING LTD V UNITED REPUBLIC OF TANZANIA
650 2 4 _aFOXTONS LTD V BICKNELL
650 2 4 _aCOUNTRYWIDE COMMUNICATIONS LTD V ICL PATHWAY LTD AND ANOTHER
650 2 4 _aESTATE AGENTS ACT 1979 S18
650 2 4 _aESTATE AGENTS (PROVISION OF INFORMATION) REGULATIONS 1991
651 4 _aEngland and Wales
_y1543-
690 _aPROPERTY-PROPERTY AGENCY
856 4 0 _uhttps://www.bailii.org/ew/cases/EWHC/QB/2009/121.html
_zView the case free of charge at www.bailli.org...
942 _n0
999 _c81742
_d81742